| 000 | 00581nam a2200181 i 4500 | ||
|---|---|---|---|
| 001 | 20673 | ||
| 003 | ES-MaACL | ||
| 007 | t| | ||
| 008 | 021115s1854 gw ||||1| eng d | ||
| 100 | 1 |
_aAinsworth, William Harrison. _918986 |
|
| 245 | 1 | 4 |
_aThe Star-Chamber / _cau historical romance by William Harrison Ainsworth. |
| 260 |
_aLeipzig : _bBeruhard Tauchnit, _c1854. |
||
| 300 |
_a2 t. en 1 v. ; _c15 cm. |
||
| 490 | 1 |
_aCollection of British authors ; _v286-87 |
|
| 830 | 0 |
_aCollection of British authors ; _v286-87 _9180703 |
|
| 852 |
_aES-MaACL _jG-12191 |
||
| 999 |
_c20673 _d20673 |
||